[Event "Politiken Cup 2007"]
[Site "Helsingor"]
[Date "2007.07.23"]
[Round "4.44"]
[White "Hanssen, Gunnar Berg"]
[Black "Vos, Chris"]
[Result "1-0"]
[WhiteElo "2242"]
[BlackElo "2071"]
[PlyCount "23"]
[EventDate "2007.??.??"]

1. Nf3 f5 2. c4 Nf6 3. g3 g6 4. Bg2 Bg7 5. O-O O-O 6. d4 d6 7. Nc3 Nbd7 8. Ng5
Nb6 9. c5 dxc5 10. dxc5 Qxd1 11. Rxd1 Nc4 12. Nd5 1-0

[Event "Politiken Cup 2007"]
[Site "Helsingor"]
[Date "2007.07.23"]
[Round "4.45"]
[White "Doran, Chris"]
[Black "Nielsen, Lars Aaes"]
[Result "0-1"]
[WhiteElo "2060"]
[BlackElo "2242"]
[PlyCount "118"]
[EventDate "2007.??.??"]

1. e4 e6 2. d4 d5 3. Nd2 Nc6 4. Ngf3 Nf6 5. e5 Nd7 6. c3 f6 7. Bb5 Be7 8. exf6
Bxf6 9. Ne5 Bxe5 10. Bxc6 bxc6 11. dxe5 O-O 12. Nf3 Ba6 13. Be3 Qe8 14. Qa4 Bb5
15. Qh4 Qg6 16. O-O-O c5 17. Qg3 Qxg3 18. hxg3 Be2 19. Rd2 Bxf3 20. gxf3 Nxe5
21. Bxc5 Rxf3 22. Kc2 Nd7 23. Be3 Nf6 24. Rh4 Ne4 25. Re2 a6 26. Rf4 Rf8 27.
Rxf3 Rxf3 28. Kd1 Kf7 29. Re1 Rf5 30. Ke2 Rh5 31. Kf3 Nd6 32. g4 Re5 33. Rh1 h6
34. b3 Re4 35. Rd1 Kg6 36. Bf4 Nf7 37. Bxc7 Ng5+ 38. Kg3 Re2 39. f3 Re3 40. Rf1
Rxc3 41. Be5 Re3 42. Bf4 Re2 43. a4 e5 44. Bxg5 hxg5 45. Rc1 Re3 46. Rc6+ Kf7
47. Kf2 Rxb3 48. Rxa6 d4 49. Ra7+ Ke6 50. Ra6+ Kd5 51. Ra5+ Kc4 52. Rxe5 Rb2+
53. Re2 Rb8 54. a5 d3 55. Ra2 Rh8 56. Ra4+ Kb3 57. Ra1 Re8 58. a6 d2 59. a7 Kb2
0-1

[Event "Politiken Cup 2007"]
[Site "Helsingor"]
[Date "2007.07.23"]
[Round "4.46"]
[White "Schultz-Pedersen, Jesper"]
[Black "Eklund, Joel"]
[Result "1-0"]
[WhiteElo "2204"]
[BlackElo "2067"]
[PlyCount "75"]
[EventDate "2007.??.??"]

1. e4 c6 2. Nc3 d5 3. Nf3 dxe4 4. Ng5 Nf6 5. Bc4 e6 6. O-O Be7 7. Ngxe4 Nxe4 8.
Nxe4 Nd7 9. d4 Nf6 10. Ng3 Qc7 11. Bg5 h6 12. Bxf6 Bxf6 13. Nh5 Qd8 14. c3 g6
15. Nf4 O-O 16. Qf3 Bg7 17. Rfe1 Qc7 18. Nd3 Bd7 19. Re3 Rad8 20. Rae1 a5 21.
Bb3 b6 22. Ne5 Ra8 23. Qf4 a4 24. Bc4 Rac8 25. Rh3 Be8 26. Ree3 Qe7 27. Reg3
Rd8 28. Rxh6 Bxh6 29. Qxh6 Qf6 30. Ng4 Qg7 31. Qg5 f6 32. Bxe6+ Rf7 33. Nxf6+
Kf8 34. Bxf7 Bxf7 35. Nh7+ Ke8 36. Re3+ Kd7 37. Qe7+ Kc8 38. Ng5 1-0

[Event "Politiken Cup 2007"]
[Site "Helsingor"]
[Date "2007.07.23"]
[Round "4.47"]
[White "Sihvonen, Tero"]
[Black "Molvig, Henrik"]
[Result "1/2-1/2"]
[WhiteElo "2056"]
[BlackElo "2215"]
[PlyCount "27"]
[EventDate "2007.??.??"]

1. e4 c5 2. Nf3 d6 3. Bb5+ Nd7 4. O-O Ngf6 5. e5 dxe5 6. Nxe5 a6 7. Nxd7 Bxd7
8. Bxd7+ Qxd7 9. b3 g6 10. Bb2 Bg7 11. d3 O-O 12. Qf3 Qd5 13. Qe2 Qh5 14. f3
1/2-1/2

[Event "Politiken Cup 2007"]
[Site "Helsingor"]
[Date "2007.07.23"]
[Round "4.48"]
[White "Rossen, Claus"]
[Black "Vigfusson, Vigfus"]
[Result "1-0"]
[WhiteElo "2200"]
[BlackElo "2059"]
[PlyCount "83"]
[EventDate "2007.??.??"]

1. e4 e5 2. Nc3 Nf6 3. f4 d5 4. fxe5 Nxe4 5. d3 Nxc3 6. bxc3 d4 7. Nf3 Nc6 8.
Be2 Bc5 9. cxd4 Bxd4 10. Rb1 Nxe5 11. Nxd4 Qh4+ 12. g3 Qxd4 13. Rb5 Ng4 14. Rf1
O-O 15. Bb2 Qe3 16. Qd2 f6 17. Qxe3 Nxe3 18. Rf2 c6 19. Rb3 Re8 20. Kd2 b5 21.
Bh5 Re7 22. Ba3 Re5 23. Bf3 Bb7 24. Bd6 Ree8 25. Bc5 Nf5 26. Bh5 Re5 27. Bg4
Rxc5 28. Bxf5 Re5 29. d4 Ree8 30. a4 a6 31. c4 Rad8 32. d5 cxd5 33. cxb5 axb5
34. axb5 d4 35. Re2 Rxe2+ 36. Kxe2 Bd5 37. Rb4 Bb7 38. Kd3 Kf8 39. Rxd4 Rxd4+
40. Kxd4 Ke7 41. Bxh7 Kd6 42. Be4 1-0

[Event "Politiken Cup 2007"]
[Site "Helsingor"]
[Date "2007.07.23"]
[Round "4.49"]
[White "Jensen, Morten Frank"]
[Black "Christensen, Svend Ellegaard"]
[Result "0-1"]
[WhiteElo "2054"]
[BlackElo "2199"]
[PlyCount "66"]
[EventDate "2007.??.??"]

1. e4 e6 2. d4 d5 3. Nd2 Nf6 4. e5 Nfd7 5. Bd3 c5 6. c3 Nc6 7. Ndf3 f6 8. Ng5
Ndxe5 9. dxe5 fxg5 10. Qh5+ Kd7 11. Bxg5 Be7 12. Bxe7 Qxe7 13. f4 Kc7 14. Nf3
Bd7 15. O-O-O g6 16. Qg4 c4 17. Bc2 b5 18. Nd4 Nxd4 19. Rxd4 a5 20. h4 b4 21.
Qf3 a4 22. cxb4 Qxb4 23. a3 Qb6 24. Qc3 Rhg8 25. Rhd1 Bc6 26. g3 Rab8 27. R1d2
Rb7 28. Bd1 Rgb8 29. g4 Qc5 30. f5 Rb3 31. Bxb3 Rxb3 32. Qc2 c3 33. R2d3 cxb2+
0-1

[Event "Politiken Cup 2007"]
[Site "Helsingor"]
[Date "2007.07.23"]
[Round "4.50"]
[White "Blomstrom, Lars"]
[Black "Akdag, Dara"]
[Result "1-0"]
[WhiteElo "2197"]
[BlackElo "2053"]
[PlyCount "67"]
[EventDate "2007.??.??"]

1. e4 c5 2. Nf3 d6 3. d4 cxd4 4. Nxd4 Nf6 5. Nc3 a6 6. f4 e6 7. Qf3 Qc7 8. Be3
b5 9. Bd3 Nbd7 10. g4 Nc5 11. g5 Nfd7 12. O-O g6 13. a3 Bg7 14. Rad1 h6 15. f5
Ne5 16. Qg2 Bd7 17. Bxb5 hxg5 18. Bxd7+ Kxd7 19. Ndb5 axb5 20. Nxb5 Qc6 21.
Rxd6+ Qxd6 22. Nxd6 Kxd6 23. f6 Bxf6 24. Bxc5+ Kxc5 25. Qf2+ Kc6 26. Qxf6 Ng4
27. Qxf7 Rae8 28. Rd1 Ne5 29. Qg7 Nf3+ 30. Kf2 Rxh2+ 31. Kxf3 g4+ 32. Kxg4 Rg2+
33. Kf3 Rf8+ 34. Kxg2 1-0

[Event "Politiken Cup 2007"]
[Site "Helsingor"]
[Date "2007.07.23"]
[Round "4.51"]
[White "Thorhallsson, Gylfi"]
[Black "Cannon, Raymond C"]
[Result "1-0"]
[WhiteElo "2195"]
[BlackElo "2050"]
[PlyCount "69"]
[EventDate "2007.??.??"]

1. e4 d6 2. d4 Nf6 3. Nc3 g6 4. Be2 Bg7 5. h3 O-O 6. Nf3 c6 7. Bg5 b5 8. a3 a6
9. Qd2 Bb7 10. Rd1 d5 11. e5 Ne4 12. Nxe4 dxe4 13. Nh2 f6 14. Bh6 f5 15. f3 e6
16. Bg5 Qd5 17. c4 bxc4 18. Qb4 c5 19. dxc5 a5 20. Qb6 Nd7 21. Qc7 Bxe5 22.
Rxd5 Bxc7 23. Rxd7 Bg3+ 24. Kd2 Bd5 25. fxe4 Bc6 26. Re7 Rab8 27. Kc1 c3 28. b3
Rxb3 29. Bc4 Rxa3 30. Rxe6 Ra1+ 31. Kc2 Ba4+ 32. Kxc3 Rxh1 33. Rxg6+ Kh8 34.
Bf6+ Rxf6 35. Rg8# 1-0

[Event "Politiken Cup 2007"]
[Site "Helsingor"]
[Date "2007.07.23"]
[Round "4.52"]
[White "Jensen, Ib"]
[Black "Zelbel, Patrick"]
[Result "0-1"]
[WhiteElo "2047"]
[BlackElo "2193"]
[PlyCount "82"]
[EventDate "2007.??.??"]

1. d4 Nf6 2. Nf3 g6 3. Nc3 d5 4. Bf4 Bg7 5. e3 O-O 6. Be2 c6 7. Ne5 Nfd7 8. h4
f6 9. Nd3 e5 10. dxe5 fxe5 11. Bg5 Qe8 12. h5 h6 13. Bh4 g5 14. Bg3 e4 15. Nc1
Nb6 16. Nb3 N8d7 17. Qd2 Ne5 18. Na5 Qe7 19. a3 Be6 20. O-O-O Rad8 21. Qe1 Nc8
22. Kb1 Nd6 23. Na4 Rc8 24. Nb3 b6 25. Nd4 Bd7 26. Nc3 b5 27. f4 exf3 28. gxf3
Nec4 29. Bxd6 Nxd6 30. e4 dxe4 31. fxe4 Kh8 32. Nf3 Rcd8 33. e5 Nf7 34. Bd3
Nxe5 35. Rf1 Bg4 36. Nxe5 Qxe5 37. Rxf8+ Rxf8 38. Qxe5 Bxe5 39. Rh1 Bxc3 40.
bxc3 Rf2 41. Bg6 Bf5 0-1

[Event "Politiken Cup 2007"]
[Site "Helsingor"]
[Date "2007.07.23"]
[Round "4.53"]
[White "Valla, Martin"]
[Black "Duchene, Rene"]
[Result "0-1"]
[WhiteElo "2033"]
[BlackElo "2188"]
[PlyCount "60"]
[EventDate "2007.??.??"]

1. d4 Nf6 2. c4 g6 3. Nc3 Bg7 4. e4 d6 5. Nf3 O-O 6. Be2 e5 7. O-O Nc6 8. d5
Ne7 9. Bg5 h6 10. Bxf6 Bxf6 11. b4 Bg7 12. c5 f5 13. Nd2 fxe4 14. cxd6 cxd6 15.
Ncxe4 Nf5 16. Nc4 h5 17. b5 Rf7 18. Qa4 Bf8 19. Rac1 Nd4 20. Bd3 Bf5 21. Rfe1
a6 22. b6 Qh4 23. f3 Bh6 24. Ncxd6 Bd7 25. Qb4 Rxf3 26. g3 Qh3 27. Rcd1 Raf8
28. Qc4 Rxg3+ 29. hxg3 Nf3+ 30. Kf2 Qh2+ 0-1

[Event "Politiken Cup 2007"]
[Site "Helsingor"]
[Date "2007.07.23"]
[Round "4.54"]
[White "Petersen, Peter Birk"]
[Black "Rosenkilde, Alexander"]
[Result "0-1"]
[WhiteElo "2187"]
[BlackElo "2047"]
[PlyCount "78"]
[EventDate "2007.??.??"]

1. e4 c5 2. Nc3 Nc6 3. f4 e6 4. Nf3 d5 5. d3 Rb8 6. Be2 Be7 7. O-O Nf6 8. Qe1
b5 9. e5 Ng8 10. a3 Nh6 11. Nd1 Bb7 12. Nf2 Qb6 13. c3 b4 14. c4 Na5 15. Nd2
Nf5 16. Bd1 b3 17. Ng4 Ba6 18. cxd5 exd5 19. Nf2 O-O 20. Kh1 c4 21. dxc4 Ne3
22. cxd5 Bxf1 23. Nxf1 Nxd5 24. Ne4 Rfd8 25. Nfg3 Nc4 26. Bf3 Nde3 27. Rb1 Rbc8
28. Nc3 Nc2 29. Qe4 Rd4 30. Qf5 Rcd8 31. h3 g6 32. Nd5 R8xd5 33. Qg4 Nxe5 34.
Nf5 Nxg4 35. Nxe7+ Kg7 36. Nxd5 Nf2+ 37. Kh2 Qd6 38. Nc3 Nd3 39. Ne2 Nxc1 0-1

[Event "Politiken Cup 2007"]
[Site "Helsingor"]
[Date "2007.07.23"]
[Round "4.55"]
[White "Johansson, Alexander"]
[Black "Wiwe, Andreas"]
[Result "1-0"]
[WhiteElo "2028"]
[BlackElo "2187"]
[PlyCount "59"]
[EventDate "2007.??.??"]

1. d4 f5 2. e4 fxe4 3. Nc3 Nf6 4. Bg5 Nc6 5. d5 Ne5 6. Qd4 Nf7 7. Bxf6 exf6 8.
Nxe4 f5 9. Ng3 g6 10. O-O-O Bh6+ 11. f4 O-O 12. Nf3 Bg7 13. Qd2 Qf6 14. c3 Nd6
15. Bd3 b5 16. h4 h5 17. Ne5 a5 18. Rdf1 b4 19. c4 Nb7 20. Bxf5 gxf5 21. Nxh5
Qh6 22. Nxg7 Qxg7 23. g4 fxg4 24. Nxg4 d6 25. f5 Nc5 26. f6 Qh7 27. f7+ Kh8 28.
Nf6 Nd3+ 29. Kb1 Qg6 30. Rhg1 1-0

[Event "Politiken Cup 2007"]
[Site "Helsingor"]
[Date "2007.07.23"]
[Round "4.56"]
[White "Laursen, Niels Norskov"]
[Black "Jensen, Mads"]
[Result "1-0"]
[WhiteElo "2186"]
[BlackElo "1851"]
[PlyCount "71"]
[EventDate "2007.??.??"]

1. e4 e6 2. d4 d5 3. Nc3 Nf6 4. e5 Nfd7 5. f4 c5 6. Nf3 Nc6 7. Be3 Qb6 8. Na4
Qa5+ 9. c3 cxd4 10. b4 Nxb4 11. cxb4 Bxb4+ 12. Bd2 b5 13. Nb2 Nb6 14. Bxb4
Qxb4+ 15. Qd2 Qxd2+ 16. Kxd2 Nc4+ 17. Nxc4 bxc4 18. Nxd4 Bd7 19. Be2 Ke7 20.
Rab1 Rab8 21. a3 Rhc8 22. Kc3 Ba4 23. Rb4 Rxb4 24. axb4 Bd7 25. Ra1 Rc7 26. Bd1
f6 27. Ra6 Bc8 28. Rxa7 Rxa7 29. Nc6+ Kf7 30. Nxa7 Bd7 31. b5 Bxb5 32. Nxb5 g5
33. Bh5+ Kg7 34. g3 gxf4 35. gxf4 fxe5 36. fxe5 1-0

[Event "Politiken Cup 2007"]
[Site "Helsingor"]
[Date "2007.07.23"]
[Round "4.57"]
[White "Thorvaldsson, Arni"]
[Black "Zhao, Parker"]
[Result "0-1"]
[WhiteElo "1947"]
[BlackElo "2180"]
[PlyCount "142"]
[EventDate "2007.??.??"]

1. e4 c5 2. Nf3 e6 3. d4 cxd4 4. Nxd4 a6 5. Bd3 Bc5 6. Nb3 Ba7 7. Qe2 Nc6 8.
Be3 d6 9. O-O e5 10. Bxa7 Rxa7 11. c4 Nf6 12. Nc3 O-O 13. Rad1 Be6 14. Rc1 Qb8
15. Rfd1 Rc8 16. Nd5 Bxd5 17. cxd5 Ne7 18. Rxc8+ Qxc8 19. Rc1 Qd8 20. Rc3 b5
21. Qe3 Rb7 22. Qc1 h6 23. Nd2 a5 24. Nf1 Nd7 25. Ne3 Nc5 26. Bb1 Qd7 27. g3
Rb8 28. Kg2 Rf8 29. Qd2 Kh7 30. Bc2 b4 31. Rc4 Nc8 32. Bd3 Nb6 33. Rc1 g6 34.
Nc4 Nxc4 35. Rxc4 Kg7 36. b3 Qe7 37. f3 Qd7 38. Bc2 Rh8 39. Qe3 f6 40. Qd2 Qf7
41. Qe3 g5 42. Qd2 h5 43. h3 h4 44. g4 Qb7 45. Bd1 Rc8 46. Qc2 Kf7 47. Be2 Ke7
48. Bf1 Kd8 49. Be2 Rc7 50. Bf1 Qb6 51. Be2 Kc8 52. Bf1 Kb7 53. Be2 Nd7 54.
Rxc7+ Qxc7 55. Ba6+ Kb6 56. Qe2 Qc5 57. Kh2 Nf8 58. Bc4 Ng6 59. Qf1 Nf4 60. Ba6
Ka7 61. Bc4 Qd4 62. Kh1 Qe3 63. Bb5 Qd4 64. Bd7 Qd2 65. Qg1+ Kb7 66. Bc6+ Ka6
67. Bd7 Qc2 68. Qf1+ Nd3 69. Bc6 Qc3 70. Kg2 Qd2+ 71. Kg1 Qc1 0-1

[Event "Politiken Cup 2007"]
[Site "Helsingor"]
[Date "2007.07.23"]
[Round "4.58"]
[White "Motzkus, Mikkel"]
[Black "Salama, Omar"]
[Result "0-1"]
[WhiteElo "1839"]
[BlackElo "2173"]
[PlyCount "48"]
[EventDate "2007.??.??"]

1. d4 c5 2. dxc5 e6 3. c4 Bxc5 4. Nc3 Nf6 5. Nf3 Nc6 6. e3 O-O 7. a3 d5 8. cxd5
exd5 9. b4 Bb6 10. Nb5 Bg4 11. Be2 Ne4 12. Bb2 a5 13. Nbd4 axb4 14. Nxc6 bxc6
15. axb4 Qe7 16. Qb3 f6 17. Rc1 Qd7 18. Rc2 c5 19. O-O Rfb8 20. bxc5 Nxc5 21.
Qb5 Qd8 22. Qb4 Bf5 23. Rcc1 Ba7 24. Qa3 Rb3 0-1

[Event "Politiken Cup 2007"]
[Site "Helsingor"]
[Date "2007.07.23"]
[Round "4.59"]
[White "Smeele, Frank"]
[Black "Guttulsrud, Odd Martin"]
[Result "1-0"]
[WhiteElo "2173"]
[BlackElo "1426"]
[PlyCount "99"]
[EventDate "2007.??.??"]

1. d4 d5 2. Nf3 Nf6 3. c4 e6 4. Nc3 c6 5. Bg5 Nbd7 6. e3 Qa5 7. Nd2 Bb4 8. Qc2
O-O 9. f4 Ne4 10. Ncxe4 dxe4 11. c5 f6 12. Bh4 e5 13. Bc4+ Kh8 14. O-O-O Bxd2+
15. Qxd2 Qxd2+ 16. Rxd2 exf4 17. exf4 b6 18. Re1 Re8 19. Bf2 f5 20. b4 Nf6 21.
b5 bxc5 22. bxc6 cxd4 23. Bxd4 Be6 24. Ba6 Bc8 25. Bb7 Bxb7 26. cxb7 Rab8 27.
Bxf6 gxf6 28. Rd7 e3 29. Kd1 Red8 30. Rxd8+ Rxd8+ 31. Kc2 Rb8 32. Rb1 Kg7 33.
Kd3 Kf7 34. a4 e2 35. Kxe2 Ke7 36. a5 a6 37. Kd3 Kd7 38. Kc4 Kc7 39. Kc5 Rxb7
40. Rxb7+ Kxb7 41. Kd6 h6 42. Kd7 h5 43. h4 Kb8 44. Kc6 Ka7 45. Kc7 Ka8 46. Kb6
Kb8 47. Kxa6 Ka8 48. Kb6 Kb8 49. Kc6 Ka7 50. Kd6 1-0

[Event "Politiken Cup 2007"]
[Site "Helsingor"]
[Date "2007.07.23"]
[Round "4.60"]
[White "Palsson, Svanberg Mar"]
[Black "Brondum, Eric"]
[Result "0-1"]
[WhiteElo "1817"]
[BlackElo "2169"]
[PlyCount "38"]
[EventDate "2007.??.??"]

1. d4 d6 2. c4 g6 3. Nc3 Bg7 4. e4 Nf6 5. f3 O-O 6. Be3 Nc6 7. Qd2 a6 8. O-O-O
Rb8 9. g4 e5 10. d5 Nd4 11. Nce2 Nxf3 12. Nxf3 Bxg4 13. Ng5 h6 14. Nxf7 Rxf7
15. Bxh6 Nxe4 16. Qe3 Rf3 17. Qxe4 Bxh6+ 18. Rd2 Qg5 19. Qc2 Bf5 0-1

[Event "Politiken Cup 2007"]
[Site "Helsingor"]
[Date "2007.07.23"]
[Round "4.61"]
[White "Jørgensen, Rasmus"]
[Black "Sylvan, Jacob"]
[Result "0-1"]
[WhiteElo "1399"]
[BlackElo "2281"]
[PlyCount "100"]
[EventDate "2007.??.??"]

1. e4 c6 2. Nc3 d5 3. Nf3 g6 4. d4 dxe4 5. Nxe4 Bg7 6. Bc4 Nf6 7. Neg5 O-O 8.
Ne5 Nd5 9. Ngf3 Nd7 10. c3 Qc7 11. Bxd5 cxd5 12. Bf4 Qb6 13. Qd2 Nf6 14. O-O
Ne4 15. Qe2 Bf5 16. Nh4 Be6 17. f3 Nd6 18. Rf2 Bf6 19. Nhxg6 hxg6 20. Nxg6 Rfd8
21. Be5 fxg6 22. Bxf6 exf6 23. Qxe6+ Nf7 24. Qxb6 axb6 25. Re2 Re8 26. Rxe8+
Rxe8 27. Kf2 Nd6 28. Re1 Rxe1 29. Kxe1 Kf7 30. Ke2 Ke6 31. g4 g5 32. Kd3 b5 33.
b3 Nf7 34. Ke3 Nh6 35. a3 f5 36. h3 Nf7 37. Ke2 Nh8 38. Ke3 Ng6 39. Kf2 Nf4 40.
Ke3 Nxh3 41. Ke2 Nf4+ 42. Ke3 Ng6 43. Kf2 Ne7 44. Ke3 Ng8 45. Kf2 Nf6 46. gxf5+
Kxf5 47. Ke3 Ne8 48. Kf2 Kf4 49. Ke2 Nd6 50. Kf2 Nf5 0-1

[Event "Politiken Cup 2007"]
[Site "Helsingor"]
[Date "2007.07.23"]
[Round "4.62"]
[White "Hvenekilde, Jorgen"]
[Black "Jorgensen, Arne Bjorn"]
[Result "1-0"]
[WhiteElo "2239"]
[BlackElo "2049"]
[PlyCount "95"]
[EventDate "2007.??.??"]

1. d4 Nf6 2. c4 g6 3. Nc3 Bg7 4. e4 d6 5. Nf3 O-O 6. Be2 c5 7. O-O Nc6 8. d5
Na5 9. Rb1 Bd7 10. a3 Rc8 11. h3 b6 12. Bf4 h6 13. Bh2 Kh7 14. Qc2 a6 15. Rbd1
b5 16. cxb5 axb5 17. Bxb5 Bxb5 18. Nxb5 Qb6 19. a4 Nd7 20. Rfe1 c4 21. e5 dxe5
22. Nxe5 Nc5 23. Nxc4 Nxc4 24. Qxc4 Ne6 25. Qe2 Nc5 26. Qe3 Nxa4 27. Qxb6 Nxb6
28. Be5 Rfd8 29. Bxg7 Kxg7 30. Rxe7 Nxd5 31. Re2 Nf4 32. Red2 Rxd2 33. Rxd2
Rc1+ 34. Kh2 Ne6 35. Na3 Ra1 36. g3 Nc5 37. Kg2 Na4 38. Nc4 Rc1 39. Ne3 Rb1 40.
Nd1 h5 41. h4 f6 42. Rd7+ Kh6 43. Nc3 Rxb2 44. Nxa4 Rb4 45. Nc5 g5 46. hxg5+
Kxg5 47. Rd5+ Kg6 48. Nd3 1-0

[Event "Politiken Cup 2007"]
[Site "Helsingor"]
[Date "2007.07.23"]
[Round "4.64"]
[White "Arvola, Benjamin"]
[Black "Dalberg, Preben"]
[Result "1-0"]
[WhiteElo "2022"]
[BlackElo "2205"]
[PlyCount "63"]
[EventDate "2007.??.??"]

1. e4 e6 2. d4 d5 3. Nc3 Bb4 4. e5 c5 5. a3 Bxc3+ 6. bxc3 Ne7 7. Qg4 O-O 8. Bd3
Nbc6 9. Qh5 Ng6 10. Nf3 Qc7 11. Be3 c4 12. Bxg6 fxg6 13. Qg4 Rf5 14. h4 Bd7 15.
h5 gxh5 16. Rxh5 Rxh5 17. Qxh5 Be8 18. Qh3 Nd8 19. Kd2 Bg6 20. Rh1 Qd7 21. Nh4
Qf7 22. g4 Rc8 23. Nxg6 Qxg6 24. f4 h6 25. f5 Qf7 26. f6 Qg6 27. g5 Qf5 28.
gxh6 Qxh3 29. Rxh3 gxf6 30. Rg3+ Kh8 31. Rg7 fxe5 32. Bg5 1-0

[Event "Politiken Cup 2007"]
[Site "Helsingor"]
[Date "2007.07.23"]
[Round "4.65"]
[White "Goes, Dirk"]
[Black "Flindt, Thomas"]
[Result "1/2-1/2"]
[WhiteElo "1987"]
[BlackElo "2196"]
[PlyCount "86"]
[EventDate "2007.??.??"]

1. d4 d6 2. Bg5 h6 3. Bh4 g5 4. Bg3 Bg7 5. e3 Bf5 6. Bd3 Qd7 7. c3 Nc6 8. e4
Bg6 9. Qc2 O-O-O 10. Ne2 e6 11. Nd2 Nge7 12. b4 f5 13. f3 fxe4 14. fxe4 d5 15.
b5 Nb8 16. O-O h5 17. Nb3 b6 18. c4 h4 19. Bf2 dxe4 20. Bxe4 Bxe4 21. Qxe4 g4
22. Be3 Nf5 23. Rad1 Nxe3 24. Qxe3 Qe7 25. c5 Nd7 26. c6 Nf6 27. Nc5 Rdg8 28.
Qa3 Kd8 29. Qxa7 Ke8 30. Nd3 Nd5 31. Nef4 Bxd4+ 32. Kh1 Ne3 33. Qb8+ Kf7 34.
Nd5+ Nxf1 35. Rxf1+ Bf6 36. Ne5+ Kg7 37. Qxg8+ Kxg8 38. Nxe7+ Bxe7 39. Nxg4 Rh5
40. a4 Rc5 41. h3 Kg7 42. Kh2 Rc4 43. Rf7+ Kxf7 1/2-1/2

[Event "Politiken Cup 2007"]
[Site "Helsingor"]
[Date "2007.07.23"]
[Round "4.66"]
[White "Pedersen, Henrik B"]
[Black "Nordfjoerd, Sverrir"]
[Result "1/2-1/2"]
[WhiteElo "2189"]
[BlackElo "2039"]
[PlyCount "35"]
[EventDate "2007.??.??"]

1. d4 Nf6 2. Nf3 c5 3. e3 e6 4. Bd3 d5 5. c3 Nc6 6. O-O Bd6 7. Nbd2 Qc7 8. Re1
cxd4 9. cxd4 h6 10. e4 dxe4 11. Nxe4 Nxe4 12. Rxe4 Nb4 13. Bb1 Bd7 14. a3 Nd5
15. Ne5 Bxe5 16. dxe5 Bc6 17. Re1 O-O-O 18. Qe2 1/2-1/2

[Event "Politiken Cup 2007"]
[Site "Helsingor"]
[Date "2007.07.23"]
[Round "4.67"]
[White "Karlsson, Patrik"]
[Black "Tadjerbashi, Amir"]
[Result "1/2-1/2"]
[WhiteElo "1934"]
[BlackElo "2182"]
[PlyCount "42"]
[EventDate "2007.??.??"]

1. e4 e5 2. Nf3 Nc6 3. Bb5 a6 4. Ba4 Nf6 5. O-O Be7 6. Re1 b5 7. Bb3 O-O 8. c3
d5 9. exd5 Nxd5 10. Nxe5 Nxe5 11. Rxe5 c6 12. d4 Bd6 13. Re1 Qh4 14. g3 Qh3 15.
Be3 Bg4 16. Qd3 Rae8 17. Nd2 Re6 18. a4 Qh5 19. axb5 axb5 20. Qf1 Bh3 21. Qe2
Bg4 1/2-1/2

[Event "Politiken Cup 2007"]
[Site "Helsingor"]
[Date "2007.07.23"]
[Round "4.68"]
[White "Leszczynski, Krzysztof"]
[Black "Nurmi, Timo"]
[Result "0-1"]
[WhiteElo "2180"]
[BlackElo "2008"]
[PlyCount "102"]
[EventDate "2007.??.??"]

1. d4 Nf6 2. c4 e6 3. Nc3 Bb4 4. Qc2 c5 5. dxc5 Bxc5 6. Nf3 O-O 7. a3 Nc6 8.
Bf4 Nd4 9. Nxd4 Bxd4 10. e3 e5 11. Bg5 Bxc3+ 12. Qxc3 Qe7 13. Rd1 d6 14. Be2
Bf5 15. O-O Rac8 16. Rd2 Rfd8 17. Rfd1 b6 18. Qb4 Rc5 19. f3 h6 20. Bh4 g5 21.
Bg3 Be6 22. e4 Ne8 23. Bf2 Rc6 24. a4 Rdc8 25. b3 a5 26. Qa3 Kg7 27. Be3 Kg6
28. Bf1 Kg7 29. Rd3 R8c7 30. Qb2 Kg6 31. Qd2 f6 32. g3 Kg7 33. Bg2 Qf7 34. Qf2
Rb7 35. Qd2 Qh5 36. f4 Bg4 37. Rf1 Be2 38. Rd5 Bxf1 39. Bxf1 gxf4 40. gxf4 Kh7
41. Bg2 Rg7 42. Qf2 Nc7 43. Rd3 Ne6 44. f5 Ng5 45. Kh1 Qg4 46. Bxg5 Rxg5 47.
Qf3 Qh4 48. Qd1 Rc7 49. Rxd6 Rxg2 50. Kxg2 Rg7+ 51. Kf3 Qh3+ 0-1

[Event "Politiken Cup 2007"]
[Site "Helsingor"]
[Date "2007.07.23"]
[Round "4.69"]
[White "Nielsen, Jan Mose"]
[Black "Kokholm, Daniel"]
[Result "1-0"]
[WhiteElo "2175"]
[BlackElo "2000"]
[PlyCount "79"]
[EventDate "2007.??.??"]

1. d4 d5 2. c4 Bf5 3. Nc3 e6 4. cxd5 exd5 5. Qb3 Nc6 6. Nf3 Nb4 7. e4 dxe4 8.
Ne5 Qe7 9. Bc4 Be6 10. d5 Bxd5 11. Nxd5 Nxd5 12. Bxd5 Qb4+ 13. Qxb4 Bxb4+ 14.
Ke2 Nf6 15. Bxf7+ Ke7 16. Bb3 a5 17. a3 Bc5 18. Bg5 Bd4 19. Nc4 Rhe8 20. Rhd1
c5 21. Nb6 Ra6 22. Nd5+ Kd8 23. Ba4 Re5 24. Nxf6 Rxg5 25. Nxe4 Re6 26. Bc2 Rxg2
27. Kf3 Rxh2 28. Nxc5 Rxf2+ 29. Kg3 Ree2 30. Rxd4+ Kc7 31. Be4 h5 32. Rc1 Kb6
33. Rd6+ Ka7 34. Bxb7 h4+ 35. Kxh4 Rh2+ 36. Kg3 Kb8 37. Nd7+ Ka7 38. Ra6+ Kxb7
39. Rb6+ Ka8 40. Rb8+ 1-0

[Event "Politiken Cup 2007"]
[Site "Helsingor"]
[Date "2007.07.23"]
[Round "4.70"]
[White "Helmers, Wim"]
[Black "Knudsen, Jes West"]
[Result "0-1"]
[WhiteElo "2142"]
[BlackElo "1990"]
[PlyCount "32"]
[EventDate "2007.??.??"]

1. d4 f5 2. c4 Nf6 3. Nf3 g6 4. g3 Bg7 5. Bg2 O-O 6. Nc3 d6 7. O-O Nc6 8. d5
Ne5 9. Nxe5 dxe5 10. e4 f4 11. c5 g5 12. b4 Qe8 13. b5 Ng4 14. f3 Nxh2 15. Kxh2
Qh5+ 16. Kg1 fxg3 0-1

[Event "Politiken Cup 2007"]
[Site "Helsingor"]
[Date "2007.07.23"]
[Round "4.73"]
[White "Finnlaugsson, Gunnar"]
[Black "Rasmussen, Henning"]
[Result "1-0"]
[WhiteElo "2116"]
[BlackElo "1902"]
[PlyCount "223"]
[EventDate "2007.??.??"]

1. c4 e5 2. Nc3 Nf6 3. g3 d5 4. cxd5 Nxd5 5. Bg2 Nb6 6. Nf3 Nc6 7. O-O Be7 8.
a3 Be6 9. d3 O-O 10. b4 a6 11. Be3 Nd5 12. Bd2 Nxc3 13. Bxc3 f6 14. Rc1 Bd5 15.
e4 Be6 16. d4 exd4 17. Nxd4 Nxd4 18. Bxd4 c6 19. Qd2 a5 20. Qc3 axb4 21. axb4
Qd6 22. Rb1 Rfd8 23. Bc5 Qc7 24. Be3 Qe5 25. Qxe5 fxe5 26. Rfc1 Ra4 27. b5 Bd7
28. b6 Be6 29. h3 Rc4 30. Rxc4 Bxc4 31. Ra1 Ba6 32. Bf1 Bxf1 33. Kxf1 Kf7 34.
Ra5 Bd6 35. f4 Re8 36. Ra4 Bb8 37. Ke2 Rd8 38. Kf3 Re8 39. Ra3 Bd6 40. Ra7 Re7
41. f5 Bb4 42. Ra8 Re8 43. Ra4 c5 44. Ra7 Re7 45. Ra8 Re8 46. Ra7 Re7 47. Ke2
Rd7 48. Ra8 Rd6 49. Rc8 Rxb6 50. Rc7+ Kg8 51. Bxc5 Bxc5 52. Rxc5 Rb3 53. Kf2 b5
54. Rxe5 b4 55. Re7 Kf8 56. Rb7 Rb1 57. Ke2 b3 58. Kd2 b2 59. Kc2 Re1 60. Rxb2
Rxe4 61. Kd3 Re7 62. g4 Kf7 63. Re2 Rd7+ 64. Ke4 Re7+ 65. Kf3 Ra7 66. Kf4 h6
67. h4 Ra4+ 68. Re4 Ra1 69. g5 Rf1+ 70. Ke5 hxg5 71. hxg5 Ra1 72. g6+ Kf8 73.
Rc4 Re1+ 74. Kd6 Rf1 75. Ke5 Re1+ 76. Kd6 Ra1 77. Rc5 Rd1+ 78. Ke6 Re1+ 79. Kd6
Rd1+ 80. Rd5 Ra1 81. Kd7 Ra7+ 82. Ke6 Re7+ 83. Kd6 Ra7 84. Rc5 Ra6+ 85. Rc6 Ra8
86. Rc7 Ra6+ 87. Rc6 Ra8 88. Rc7 Ra6+ 89. Ke5 Ra8 90. Kf4 Ra4+ 91. Kg5 Ra1 92.
Rf7+ Kg8 93. Kf4 Rf1+ 94. Ke5 Re1+ 95. Kd6 Rd1+ 96. Ke7 Re1+ 97. Kd8 Rd1+ 98.
Ke8 Re1+ 99. Re7 Ra1 100. Kd8 Rd1+ 101. Rd7 Re1 102. Ra7 Rd1+ 103. Kc8 Rc1+
104. Rc7 Re1 105. Kd7 Rd1+ 106. Ke6 Re1+ 107. Kd6 Rd1+ 108. Ke5 Re1+ 109. Kd5
Rd1+ 110. Ke4 Re1+ 111. Kd4 Rd1+ 112. Ke3 1-0

[Event "Politiken Cup 2007"]
[Site "Helsingor"]
[Date "2007.07.23"]
[Round "4.74"]
[White "Ziska, Andrias"]
[Black "Nielsen, Carsten Juul"]
[Result "1-0"]
[WhiteElo "1901"]
[BlackElo "2115"]
[PlyCount "73"]
[EventDate "2007.??.??"]

1. e4 Nc6 2. d4 d5 3. e5 Bf5 4. Nf3 e6 5. Bd3 Nge7 6. O-O a6 7. c3 h5 8. a4 Qd7
9. b4 Bxd3 10. Qxd3 Nf5 11. Nbd2 b6 12. Nb3 a5 13. b5 Nce7 14. Re1 Ng6 15. c4
dxc4 16. Qxc4 Bb4 17. Rd1 Nge7 18. Ba3 Bxa3 19. Rxa3 Nd5 20. Nbd2 O-O 21. Ne4
Qe7 22. Rb3 Rfd8 23. g3 Rac8 24. Rc1 Nb4 25. Rd1 c6 26. bxc6 Rxc6 27. Qb5 Qc7
28. Kg2 Rd5 29. Qe2 Rc4 30. Nfg5 Rcxd4 31. Rxd4 Rxd4 32. Qxh5 Nh6 33. Nd6 Qc6+
34. Rf3 Nd3 35. Ndxf7 Ne1+ 36. Kh3 Nf5 37. Qh8# 1-0

[Event "Politiken Cup 2007"]
[Site "Helsingor"]
[Date "2007.07.23"]
[Round "4.75"]
[White "Carnstam, Tomas"]
[Black "Nielsen, Palle"]
[Result "0-1"]
[WhiteElo "2091"]
[BlackElo "1877"]
[PlyCount "44"]
[EventDate "2007.??.??"]

1. d4 g6 2. e4 Bg7 3. Nf3 d6 4. Bc4 e6 5. Bb3 Nf6 6. Nbd2 O-O 7. O-O b5 8. a4
b4 9. Re1 a5 10. c4 Nbd7 11. e5 dxe5 12. Nxe5 Bb7 13. Nxd7 Qxd7 14. Nf1 Rfd8
15. Be3 Nh5 16. Bg5 Bxd4 17. Bxd8 Rxd8 18. Ne3 Nf4 19. f3 Qe7 20. Qc2 Qg5 21.
Kf1 Bxe3 22. Rxe3 Nxg2 0-1